Catholic University of Zimbabwe Library
Online Public Access Catalogue
(OPAC)

"Manifesto Comunista, 150 anos depois: Karl Marx, Friedrich Engels" (Record no. 16433)

MARC details
000 -LEADER
fixed length control field 00467nam a2200145Ia 4500
008 - FIXED-LENGTH DATA ELEMENTS--GENERAL INFORMATION
fixed length control field 191206s9999 xx 000 0 und d
020 ## - INTERNATIONAL STANDARD BOOK NUMBER
International Standard Book Number 8585910194
090 ## -
-- HX39.5.A52
245 #0 - TITLE STATEMENT
Title "Manifesto Comunista, 150 anos depois: Karl Marx, Friedrich Engels"
250 ## - EDITION STATEMENT
Edition statement 1a ed.
260 ## - PUBLICATION, DISTRIBUTION, ETC.
Place of publication, distribution, etc. Editora Fundação Perseu Abramo
260 ## - PUBLICATION, DISTRIBUTION, ETC.
Date of publication, distribution, etc. c1998
300 ## - PHYSICAL DESCRIPTION
Extent 207 p. ; 21 cm.
Holdings
Withdrawn status Lost status Source of classification or shelving scheme Damaged status Not for loan Home library Current library Date acquired Total Checkouts Full call number Barcode Date last seen Price effective from Koha item type
          CUZ Bulawayo Campus CUZ Bulawayo Campus 06.12.2019   HX39.5.A52 BBK001105 06.12.2019 06.12.2019 OS Book

OPENING HOURS

Weekdays: 0815hrs - 1800hrs
Weekends:0900hrs - 1200hrs

Closed for Mass:

Mon, Thur: 1200hrs - 1300hrs
Sunday & Public Holiday’s

CALL SUPPORT

0242-570570, 0242-570169
09200664, +263 8644140602

LOCATION

18443, Cranborne Avenue, Hatfield, Harare

Other Links


©2021 | CUZ Library